000 00675nam a2200289Ia 4500
005 20260324124459.0
008 008 260324s9999 xx 000 0 eng d
020 _a9780203854495
037 _aEBOOK
040 _aCRL
040 _beng
040 _cCRL
041 _2eng
041 _aeng
084 _qCRL
100 _aPer Skålén
_91174316
245 0 _aManaging Service Firms
245 4 _bThe Power of Managerial Marketing
260 _bTaylor and Francis
260 _c2010
365 _a
365 _b76.99
856 _uhttp://www.taylorfrancis.com/books/9780203854495
942 _cEBOOK
999 _c1768725
_d1768725